La Pobreza de las naciones y la riqueza de las clases /
Shranjeno v:
| Glavni avtor: | |
|---|---|
| Format: | Texto |
| Jezik: | Spanish |
| Teme: | |
| Oznake: |
Označite
Brez oznak, prvi označite!
|
MARC
| LEADER | 00000 a a2200000 04500 | ||
|---|---|---|---|
| 001 | 7960 | ||
| 003 | cru CRAI/IIS | ||
| 005 | 20210428114453.0 | ||
| 008 | 210428b ||||| |||| 00| 0 spa d | ||
| 040 | |c cru CRAI/IIS | ||
| 100 | 1 | |a Torres Rivas, Edelberto |9 3735 | |
| 245 | 1 | 3 | |a La Pobreza de las naciones y la riqueza de las clases / |c Edelberto Torres Rivas |
| 500 | |a Colección Centroamérica | ||
| 650 | 0 | |9 284 |a POBREZA | |
| 650 | 0 | |9 24 |a CLASES SOCIALES | |
| 773 | |g número 8; páginas 114-116 | ||
| 942 | |2 ddc |c PP | ||
| 999 | |c 26431 |d 26431 | ||
| 773 | 0 | |0 18875 |9 5498 |a Universidad de Costa Rica. |d San José, Costa Rica: Universidad de Costa Rica. Consejo Superior Universitario Centroamericano, 1972- |o 13820 |t Estudios Sociales Centroamericanos / |x 03039676 | |
